ბათუმის შოთა რუსთაველის სახელმწიფო უნივერსიტეტის ბიბლიოთეკა

Овцеводство (ბიბ.ჩანაწერი № 45082)

000 -LEADER
fixed length control field 00643nam a2200217Ia 4500
001 - CONTROL NUMBER
control field 11905
003 - CONTROL NUMBER IDENTIFIER
control field GE_BSU
008 - FIXED-LENGTH DATA ELEMENTS--GENERAL INFORMATION
fixed length control field 181216s||||||||xx |||||||||||||| ||und||
040 ## - CATALOGING SOURCE
Transcribing agency GE_BSU
080 ## - UNIVERSAL DECIMAL CLASSIFICATION NUMBER
Universal Decimal Classification number 636.32.1.38
100 ## - MAIN ENTRY--PERSONAL NAME
Personal name Белехов,П.П.
245 ## - TITLE STATEMENT
Title Овцеводство
245 ## - TITLE STATEMENT
Remainder of title Для раионных колхозных школ и курсов по подготовке бригадиров-животноводов
245 ## - TITLE STATEMENT
Statement of responsibility, etc. Ред.А.Зуев
260 ## - PUBLICATION, DISTRIBUTION, ETC.
Place of publication, distribution, etc. Москва
260 ## - PUBLICATION, DISTRIBUTION, ETC.
Name of publisher, distributor, etc. Сельхозгиз
260 ## - PUBLICATION, DISTRIBUTION, ETC.
Date of publication, distribution, etc. 1935
300 ## - PHYSICAL DESCRIPTION
Extent 284стр.18см.
653 ## - INDEX TERM--UNCONTROLLED
Uncontrolled term Овцеводство
942 ## - ADDED ENTRY ELEMENTS (KOHA)
Koha item type წიგნი
ეგზემპლარები
Withdrawn status Lost status Damaged status Not for loan Date acquired Barcode Date last seen Price effective from Koha item type
        2018-12-17 20445 2018-12-17 2018-12-17 წიგნი